000 00614nam a2200241Ia 4500
003 OSt
005 20220925212546.0
006 a|||||r|||| 00| 0
007 ta
008 220923b |||||||| |||| 00| 0 eng d
037 _cGeneral Book
040 _aRTL
_cRTL
_beng
041 _2eng
_aeng
082 _aW1, L3
100 _aWard Colin
_9276996
245 0 _aAnarchy in action
260 _aLondon
_bAllen and Unwin
_c1973
300 _a157p
_ccm.
500 _aBibliography: p 153-154
650 _aBureaucracy
942 _hW1, L3
_cGB
_2CC
999 _c560647
_d560647